[Event "Latham op"]
[Site "Latham"]
[Date "2004.01.23"]
[Round "4"]
[White "Pastel, Benjamin RL"]
[Black "Sellers, Sherman B"]
[Result "1-0"]
[WhiteElo "1338"]
[BlackElo "1386"]
[PlyCount "97"]
[EventDate "2004.01.23"]
[EventType "swiss"]
[EventRounds "5"]
[EventCountry "USA"]
[SourceTitle "EXT 2007"]
[Source "ChessBase"]
[SourceDate "2006.11.23"]
[SourceVersion "1"]
[SourceVersionDate "2006.11.23"]
[SourceQuality "1"]

1. c4 Nf6 2. Nc3 e6 3. e4 e5 4. d3 Bb4 5. Be3 Nc6 6. a3 Bxc3+ 7. bxc3 d6 8. Be2 0-0 9. h4 Ne7 10. g4 Ng6 11. g5 Ne8 12. Qd2 f5 13. exf5 Bxf5 14. Bh5 Nf4 15. Bxf4 exf4 16. Ne2 Qd7 17. 0-0-0 Bg4 18. Bxg4 Qxg4 19. Rdg1 Qf5 20. Nd4 Qc5 21. Qb2 Qb6 22. Re1 Qxb2+ 23. Kxb2 c5 24. Ne6 Rf7 25. Re4 f3 26. Rhe1 Re7 27. d4 Rc8 28. d5 Nc7 29. Nxc7 Rexc7 30. Re6 Rd7 31. Re7 Rcc7 32. Rxd7 Rxd7 33. Re6 Kf7 34. Kc2 a6 35. a4 Re7 36. Rxe7+ Kxe7 37. Kd3 h6 38. Ke4 hxg5 39. hxg5 Kd7 40. Kxf3 Ke7 41. Ke4 Kf7 42. f4 g6 43. f5 b6 44. Kf4 Kg7 45. fxg6 Kxg6 46. Kg4 Kg7 47. Kf5 Kf7 48. g6+ Kg7 49. Ke6 1-0

[Event "Troy op"]
[Site "Troy"]
[Date "2003.07.26"]
[Round "2"]
[White "Aaron, Deepak"]
[Black "Pastel, Benjamin RL"]
[Result "0-1"]
[WhiteElo "905"]
[BlackElo "1199"]
[PlyCount "106"]
[EventDate "2003.07.25"]
[EventType "swiss"]
[EventRounds "5"]
[EventCountry "USA"]
[SourceTitle "EXT 2008"]
[Source "ChessBase"]
[SourceDate "2007.11.25"]
[SourceVersion "1"]
[SourceVersionDate "2007.11.25"]
[SourceQuality "1"]

1. e4 Nf6 2. e5 Nd5 3. Nc3 Nxc3 4. dxc3 Nc6 5. Nf3 d6 6. exd6 Qxd6 7. Qxd6 exd6 8. h3 Bf5 9. Bb5 a6 10. Bxc6+ bxc6 11. 0-0 Kd7 12. Nd4 Bg6 13. Bf4 Rb8 14. b3 c5 15. Nf3 Bxc2 16. Rac1 Bf5 17. Rfd1 Kc8 18. Re1 Kb7 19. Nh4 Be6 20. b4 h6 21. Be3 cxb4 22. Rb1 Ka8 23. Rxb4 Rxb4 24. cxb4 Bxa2 25. Bd4 Be6 26. f4 Rg8 27. f5 Bd7 28. Rb1 Be7 29. f6 Bxf6 30. Bxf6 gxf6 31. Kf2 Rb8 32. g4 a5 33. Ra1 a4 34. Nf5 Bxf5 35. Rxa4+ Kb7 36. gxf5 Kc6 37. b5+ Rxb5 38. Rh4 Rxf5+ 39. Ke3 h5 40. Ke4 Re5+ 41. Kd4 d5 42. Rf4 Re4+ 43. Rxe4 dxe4 44. Kxe4 Kb5 45. Kf5 c5 46. Kxf6 c4 47. Kg5 c3 48. Kxh5 c2 49. h4 c1Q 50. Kg4 Qh6 51. h5 f5+ 52. Kxf5 Qxh5+ 53. Kf4 Qe8 0-1